000 01101nam a22002897a 4500
005 20240530110906.0
008 220228s2006 ua g b 00| 0 ara d
017 _a15911
_bمصر. دار الكتب
020 _a9770522546
040 _aEG-CaGPL
_cEG-CaGPL
082 0 4 _221
_a306.87/
_bع ع
100 0 _aعلى اسماعيل عبدالرحمن
245 1 2 _aالعنف الاسرى :
_bالاسباب والعلاج /
_cتاليف على اسماعيل عبدالرحمن
250 _aط.1
260 _aالقاهرة :
_bمكتبة الانجلو المصرية ،
_c2006.
300 _a136 ص. ؛
_c24 سم.
504 _aيشتمل على ارجاعات ببليوجرافية
650 0 7 _2qrmak
_aالازواج والزوجات
650 0 7 _2qrmak
_aالزواج
_xاخلاقيات
650 0 7 _2qrmak
_aالعلاقات الاسرية
650 0 7 _2qrmak
_aالاحوال الشخصية
650 0 7 _2qrmak
_aالاباء والابناء
650 0 7 _2qrmak
_aالعنف الاسرى
651 _2qrmak
942 _2ddc
_cBK
999 _c66224
_d66224